| 000 | 00854nam0a22002651 4500 | ||
|---|---|---|---|
| 001 | rc\3403798 | ||
| 005 | 20130115135902.7 | ||
| 021 |
_aRU _b72-27126 |
||
| 021 |
_aRU _bРг12675-72 |
||
| 035 | _a(NLR Aleph) 007548010 | ||
| 090 |
_a5170352 _c5170352 |
||
| 100 | _a20130115d1972 |||y0rusy50 ca | ||
| 101 | 0 | _arus | |
| 102 | _aRU | ||
| 105 | _ay z |||a| | ||
| 200 | 1 |
_aРодное Подмосковье _eСборник _eСтихи, рассказы, очерки, повести |
|
| 210 |
_a[Москва] _cМоск. рабочий _d1972 |
||
| 215 | _a423 с. | ||
| 300 | _aНа обороте тит. л. сост.: В.П. Яковенко | ||
| 702 | 1 |
_aЯковенко _bВ. П. _f1927- _gВиктор Петрович _4220 |
|
| 801 | 0 |
_aRU _bNLR _gpsbo |
|
| 801 | 1 |
_aRU _bELAR _2rusmarc |
|
| 852 |
_aNLR _j72-3/7970 |
||
| 942 | _cBOOK | ||
| 980 | _aNB | ||